[Event "Madrid ch - Previa A"]
[Site "Madrid ESP"]
[Date "2007.11.16"]
[Round "6.2"]
[White "Pérez Martínez, José Manuel"]
[Black "Sanz Esteban, Eduardo"]
[Result "0-1"]
[WhiteElo "1982"]
[BlackElo "1939"]
[PlyCount "90"]
[EventDate "2007.11.01"]
[EventType "swiss"]
[EventRounds "9"]
[EventCountry "ESP"]
[Source "lmi"]
[SourceDate "2007.11.01"]

1. e4 e5 2. Nf3 Nf6 3. Nxe5 d6 4. Nf3 Nxe4 5. d3 Nf6 6. Bg5 Be7 7. d4 Bg4 8.
Bd3 h6 9. Bh4 Nc6 10. c3 Qd7 11. Nbd2 Bf5 12. Nc4 O-O-O 13. Ne3 Bxd3 14. Qxd3
g5 15. Bg3 Ng4 16. O-O-O Nxe3 17. fxe3 f5 18. d5 Nb8 19. Nd4 Na6 20. Qxf5 Nc5
21. Qxd7+ Kxd7 22. Rhf1 Rdf8 23. Rf5 Rxf5 24. Nxf5 h5 25. Nxe7 Kxe7 26. Rf1 h4
27. Be1 Nd3+ 28. Kc2 Ne5 29. h3 Rf8 30. Rxf8 Kxf8 31. g3 g4 32. gxh4 gxh3 33.
Bg3 Nf3 34. Kd3 h2 35. Bxh2 Nxh2 36. Ke4 Ng4 37. c4 Kf7 38. Kf4 Ne5 39. b3 Nd3+
40. Kf5 Nc1 41. h5 Nxa2 42. h6 Nc1 43. h7 Kg7 44. b4 Nd3 45. b5 a5 0-1

[Event "Madrid ch - Previa A"]
[Site "Madrid ESP"]
[Date "2007.11.16"]
[Round "6.3"]
[White "Cabañas Bravo, Juan Andrés"]
[Black "Cañas Muñoz, Óscar"]
[Result "1-0"]
[WhiteElo "2004"]
[BlackElo "1862"]
[PlyCount "90"]
[EventDate "2007.11.01"]
[EventType "swiss"]
[EventRounds "9"]
[EventCountry "ESP"]
[Source "lmi"]
[SourceDate "2007.11.01"]

1. e4 e6 2. d4 d5 3. Nc3 Bb4 4. Bd2 Nf6 5. e5 Bxc3 6. Bxc3 Nfd7 7. Qg4 g6 8. f4
c5 9. Nf3 Nc6 10. h4 h5 11. Qg3 cxd4 12. Nxd4 Nxd4 13. Bxd4 Qc7 14. Qf2 Nb8 15.
Bc5 Bd7 16. O-O-O Qa5 17. Rh3 Qc7 18. Ra3 Nc6 19. Bd6 Qd8 20. c4 dxc4 21. Bxc4
f5 22. Qd2 Qxh4 23. Rd3 Rh7 24. b4 Rc8 25. Kb2 Na5 26. Bxe6 Bxe6 27. bxa5 Rd7
28. Rc3 Rdd8 29. g3 Qg4 30. Rxc8 Rxc8 31. Bc5 Qxd1 32. Qxd1 Rxc5 33. Qd6 Rc6
34. Qb8+ Kd7 35. Qxb7+ Rc7 36. Qb8 Bd5 37. Qf8 Be4 38. Qd6+ Kc8 39. e6 Rc2+ 40.
Kb3 Rc7 41. e7 Bc6 42. a6 Bd7 43. Qxg6 Rc6 44. Qe8+ Kc7 45. Qd8+ Kd6 1-0

[Event "Madrid ch - Previa A"]
[Site "Madrid ESP"]
[Date "2007.11.16"]
[Round "6.4"]
[White "Redondo García, José Luis"]
[Black "Martín Mazuelo, Miguel Ángel"]
[Result "1-0"]
[WhiteElo "1909"]
[BlackElo "1983"]
[PlyCount "123"]
[EventDate "2007.11.01"]
[EventType "swiss"]
[EventRounds "9"]
[EventCountry "ESP"]
[Source "lmi"]
[SourceDate "2007.11.01"]

1. c4 e5 2. Nc3 Nf6 3. g3 d5 4. cxd5 Nxd5 5. e3 Nc6 6. a3 Be7 7. Bg2 Nb6 8.
Nge2 O-O 9. O-O f5 10. d4 exd4 11. Nxd4 Nxd4 12. exd4 c6 13. Re1 Bf6 14. Be3
Kh8 15. d5 cxd5 16. Bxb6 Qxb6 17. Nxd5 Qxb2 18. Rb1 Qxa3 19. Nxf6 gxf6 20. Qd4
Qa5 21. Qh4 Qc7 22. Rbc1 Qg7 23. Rc3 Qg4 24. Qh6 Qg7 25. Qc1 Bd7 26. Qa3 Rae8
27. Rec1 Qe7 28. Bxb7 Qxa3 29. Rxa3 f4 30. Rxa7 fxg3 31. hxg3 Bf5 32. Rc7 Rd8
33. Bf3 Rd3 34. Kg2 Rfd8 35. Rf7 R3d6 36. Rfc7 R6d7 37. g4 Rxc7 38. Rxc7 Bg6
39. Bb7 Re8 40. f4 Be4+ 41. Bxe4 Rxe4 42. Kf3 Re6 43. g5 Kg8 44. Kg4 fxg5 45.
Kxg5 Rg6+ 46. Kf5 Rg7 47. Rc8+ Kf7 48. Ke5 Rg1 49. Rc7+ Kg6 50. f5+ Kh6 51. Kf6
Re1 52. Rc2 Rh1 53. Rg2 Kh5 54. Kf7 Ra1 55. f6 Ra7+ 56. Kg8 Ra8+ 57. Kxh7 Ra7+
58. Kg8 Ra8+ 59. Kg7 Kh4 60. f7 Kh3 61. Rg6 Ra7 62. Kg8 1-0

[Event "Madrid ch - Previa A"]
[Site "Madrid ESP"]
[Date "2007.11.16"]
[Round "6.5"]
[White "Gallo Restrepo, German"]
[Black "Osorio Ramos, Francisco"]
[Result "0-1"]
[WhiteElo "1891"]
[BlackElo "1925"]
[PlyCount "64"]
[EventDate "2007.11.01"]
[EventType "swiss"]
[EventRounds "9"]
[EventCountry "ESP"]
[Source "lmi"]
[SourceDate "2007.11.01"]

1. d4 d5 2. c4 e6 3. Nc3 c6 4. Nf3 Nf6 5. Bg5 h6 6. Bh4 dxc4 7. e4 g5 8. Bg3 b5
9. a4 Bb7 10. axb5 cxb5 11. Nxb5 Bb4+ 12. Nc3 Nxe4 13. Bxc4 Nxc3 14. bxc3 Bxc3+
15. Kf1 Bxa1 16. Qxa1 Bd5 17. Bb5+ Nc6 18. Ke2 O-O 19. Rb1 Bxf3+ 20. gxf3 Nxd4+
21. Kf1 Nxb5 22. Kg1 Qd4 23. Qa6 Nc3 24. Re1 Qb6 25. Qd3 Rac8 26. Be5 Rfd8 27.
Qc2 Qc6 28. Kg2 Nd5 29. Qb2 Nf4+ 30. Bxf4 gxf4 31. Qf6 Qc3 32. Re5 Rd5 0-1

[Event "Madrid ch - Previa A"]
[Site "Madrid ESP"]
[Date "2007.11.16"]
[Round "6.6"]
[White "Roman Rodriguez, Pablo"]
[Black "Rodriguez Ballespin, Daniel"]
[Result "1/2-1/2"]
[WhiteElo "1916"]
[BlackElo "1849"]
[PlyCount "121"]
[EventDate "2007.11.01"]
[EventType "swiss"]
[EventRounds "9"]
[EventCountry "ESP"]
[Source "lmi"]
[SourceDate "2007.11.01"]

1. e4 c6 2. Ne2 d5 3. e5 Bf5 4. Ng3 Bg6 5. d4 e6 6. h4 h6 7. h5 Bh7 8. Bd3 Bxd3
9. Qxd3 Qa5+ 10. Bd2 Qa6 11. Qb3 c5 12. c3 cxd4 13. cxd4 Nc6 14. Be3 Bb4+ 15.
Nc3 Nge7 16. a3 Bxc3+ 17. Qxc3 O-O 18. b3 Rac8 19. Qb2 Na5 20. Kd2 Qb5 21. Rab1
Rc6 22. Rhc1 Rfc8 23. Rxc6 Rxc6 24. Ne2 Rb6 25. Ke1 Qxb3 26. Qxb3 Rxb3 27. Rxb3
Nxb3 28. g4 Nc6 29. Kd1 Kf8 30. Kc2 Nba5 31. Bd2 Nc4 32. Bb4+ Ke8 33. Kb3 b6
34. a4 a6 35. Bc3 Ke7 36. Nf4 a5 37. Nd3 f6 38. f4 Ne3 39. Nf2 f5 40. g5 hxg5
41. fxg5 Nf1 42. Nh3 Ng3 43. Nf4 Kf7 44. Kc2 Ne4 45. g6+ Ke7 46. Kd3 Nxc3 47.
Kxc3 Nb4 48. Ne2 Nc6 49. Nf4 Nb8 50. Kd3 Na6 51. Ne2 Nc7 52. Nc3 Ke8 53. Ke3
Kf8 54. Kf4 Ke7 55. Kg5 Kf8 56. Kf4 Kg8 57. Kg5 Kh8 58. Kf4 Kg8 59. Kg5 Kf8 60.
Kf4 Ke7 61. Kg5 1/2-1/2

[Event "Madrid ch - Previa A"]
[Site "Madrid ESP"]
[Date "2007.11.16"]
[Round "6.7"]
[White "Benito Aragoneses, Miguel Angel"]
[Black "Merino Araguas, Jose Javier"]
[Result "0-1"]
[WhiteElo "1722"]
[BlackElo "1909"]
[PlyCount "40"]
[EventDate "2007.11.01"]
[EventType "swiss"]
[EventRounds "9"]
[EventCountry "ESP"]
[Source "lmi"]
[SourceDate "2007.11.01"]

1. d4 d5 2. c4 e6 3. Nc3 c6 4. cxd5 exd5 5. Nf3 Bf5 6. a3 Nd7 7. e3 Ngf6 8. Be2
h6 9. Nd2 Bd6 10. Bf3 O-O 11. O-O Re8 12. Re1 Ne4 13. g3 Ndf6 14. Ndxe4 Nxe4
15. Bg2 Qd7 16. f3 Nxc3 17. bxc3 Bh3 18. Bh1 Qc7 19. Qe2 Bxg3 20. f4 Bxe1 0-1

[Event "Madrid ch - Previa A"]
[Site "Madrid ESP"]
[Date "2007.11.16"]
[Round "6.8"]
[White "Baeza Escudero, Javier"]
[Black "Navas Jimenez, Julian"]
[Result "0-1"]
[WhiteElo "1900"]
[BlackElo "1901"]
[PlyCount "106"]
[EventDate "2007.11.01"]
[EventType "swiss"]
[EventRounds "9"]
[EventCountry "ESP"]
[Source "lmi"]
[SourceDate "2007.11.01"]

1. e4 c5 2. Nf3 d6 3. d4 cxd4 4. Nxd4 Nf6 5. Nc3 Nc6 6. Bg5 e6 7. Qd2 Be7 8. f4
O-O 9. O-O-O Nxd4 10. Qxd4 Qa5 11. Bd3 Rd8 12. Qa4 Qxa4 13. Nxa4 Bd7 14. Nc3
Bc6 15. e5 dxe5 16. fxe5 Nd5 17. Bxe7 Nxe7 18. Be4 h6 19. Rd6 Nf5 20. Bxf5 exf5
21. Rf1 Rxd6 22. exd6 Bxg2 23. Rxf5 Rd8 24. Rf2 Bc6 25. Rd2 f5 26. Ne2 g5 27.
c4 f4 28. c5 f3 29. Nd4 Rf8 30. Rf2 g4 31. Nxc6 bxc6 32. Kd2 Kf7 33. b4 h5 34.
Kd3 a5 35. b5 cxb5 36. c6 Ke6 37. d7 Kd6 38. Rc2 Kc7 39. Ke3 b4 40. Kf2 a4 41.
Rc4 b3 42. axb3 axb3 43. Re4 Rd8 44. h3 Kxc6 45. hxg4 hxg4 46. Rxg4 Rxd7 47.
Kxf3 Re7 48. Rg5 Re1 49. Kf2 Rh1 50. Rg6+ Kc5 51. Rg5+ Kc4 52. Rg4+ Kc3 53. Rg8
b2 0-1

[Event "Madrid ch - Previa A"]
[Site "Madrid ESP"]
[Date "2007.11.16"]
[Round "6.10"]
[White "Mosteiro Montoro, Alvaro"]
[Black "Collado Barbas, Alberto"]
[Result "0-1"]
[WhiteElo "1870"]
[BlackElo "1886"]
[PlyCount "56"]
[EventDate "2007.11.01"]
[EventType "swiss"]
[EventRounds "9"]
[EventCountry "ESP"]
[Source "lmi"]
[SourceDate "2007.11.01"]

1. d4 d5 2. c4 e6 3. Nc3 c6 4. Nf3 dxc4 5. e4 b5 6. a4 Bb4 7. Bd2 Nf6 8. axb5
Bxc3 9. Bxc3 cxb5 10. e5 Nd5 11. Qd2 Nc6 12. Ba5 Nxa5 13. Rxa5 c3 14. Bxb5+ Kf8
15. bxc3 Qxa5 16. c4 Qxd2+ 17. Nxd2 Nc3 18. Bc6 Rb8 19. O-O Bb7 20. Nb1 Ne2+
21. Kh1 Bxc6 22. d5 exd5 23. cxd5 Bxd5 24. Re1 Ke7 25. Nd2 Nf4 26. f3 Rb2 27.
Rd1 Nxg2 28. Kxg2 Bb3 0-1

[Event "Madrid ch - Previa A"]
[Site "Madrid ESP"]
[Date "2007.11.16"]
[Round "6.11"]
[White "Ruiz Quevedo, Andres"]
[Black "Espinosa Delgado, Miguel"]
[Result "1-0"]
[WhiteElo "1893"]
[BlackElo "1836"]
[PlyCount "75"]
[EventDate "2007.11.01"]
[EventType "swiss"]
[EventRounds "9"]
[EventCountry "ESP"]
[Source "lmi"]
[SourceDate "2007.11.01"]

1. c4 Nf6 2. Nc3 g6 3. Nf3 Bg7 4. d4 O-O 5. Bg5 h6 6. Bh4 d6 7. h3 Qe8 8. e3
Na6 9. Be2 c5 10. d5 Nc7 11. O-O Bd7 12. a4 Na6 13. Nd2 g5 14. Bg3 Bf5 15. e4
Bg6 16. Re1 Nd7 17. Nf1 Nb4 18. Ne3 Qd8 19. Nf5 Kh7 20. Nxg7 Kxg7 21. h4 b6 22.
Qd2 f6 23. f4 gxh4 24. Bxh4 f5 25. Bf3 fxe4 26. Bxe4 Nf6 27. Bxg6 Kxg6 28. Re6
Rf7 29. Rae1 Qf8 30. Qe2 Rd8 31. Ne4 Kh7 32. Ng3 Rd7 33. Nf5 Ng8 34. Nxe7 Rxf4
35. Bg3 Rf7 36. Nxg8 Qxg8 37. Qe4+ Kh8 38. Bxd6 1-0

[Event "Madrid ch - Previa A"]
[Site "Madrid ESP"]
[Date "2007.11.16"]
[Round "6.12"]
[White "Pintado Luna, Julian"]
[Black "Marcos Herrero, Francisco"]
[Result "0-1"]
[WhiteElo "1979"]
[BlackElo "1940"]
[PlyCount "82"]
[EventDate "2007.11.01"]
[EventType "swiss"]
[EventRounds "9"]
[EventCountry "ESP"]
[Source "lmi"]
[SourceDate "2007.11.01"]

1. e4 d6 2. d4 Nf6 3. Nc3 g6 4. Nf3 Bg7 5. Bg5 c6 6. Bd3 Bg4 7. h3 Bxf3 8. Qxf3
Qb6 9. Rb1 Qxd4 10. O-O Nbd7 11. Be3 Qb4 12. a3 Qa5 13. Bf4 O-O 14. Rfe1 Ne5
15. Bxe5 Qxe5 16. Qd1 a6 17. Ne2 Bh6 18. c4 b5 19. Qc2 Rfc8 20. b3 Nd7 21. Rf1
bxc4 22. bxc4 Rcb8 23. f4 Qc5+ 24. Kh1 Qxa3 25. Nc1 Rxb1 26. Qxb1 Rb8 27. Qc2
Rb2 28. Qd1 Nc5 29. Rf3 Qb4 30. Bc2 Qxc4 31. Bd3 Nxd3 32. Nxd3 Rb8 33. f5 Qxe4
34. fxg6 hxg6 35. Qf1 Qc4 36. Qf2 c5 37. Kh2 e5 38. Nb2 Qa2 39. Qh4 Rxb2 40.
Qg4 Bf4+ 41. Kg1 Rb1+ 0-1

[Event "Madrid ch - Previa A"]
[Site "Madrid ESP"]
[Date "2007.11.16"]
[Round "6.13"]
[White "Vázquez Moreno, Luis"]
[Black "Hernández del Can, José"]
[Result "1/2-1/2"]
[WhiteElo "1749"]
[BlackElo "1914"]
[PlyCount "106"]
[EventDate "2007.11.01"]
[EventType "swiss"]
[EventRounds "9"]
[EventCountry "ESP"]
[Source "lmi"]
[SourceDate "2007.11.01"]

1. e4 c5 2. Nf3 d6 3. d4 cxd4 4. Nxd4 Nf6 5. Nc3 a6 6. Bg5 e6 7. f4 Nbd7 8. Qd2
Qc7 9. O-O-O b6 10. Be2 Bb7 11. Bf3 Be7 12. g4 h6 13. Bxf6 Nxf6 14. h4 O-O-O
15. Qg2 d5 16. e5 Nd7 17. a3 Bxa3 18. Nxd5 Bxb2+ 19. Kxb2 Bxd5 20. Bxd5 exd5
21. Qxd5 Nb8 22. Qe4 Qc4 23. Rh3 Qd5 24. Qf5+ Kb7 25. Rhd3 Qc4 26. Rc3 Qb4+ 27.
Rb3 Qc4 28. Rc3 Qb4+ 29. Rb3 Qc4 30. Qd3 Qxd3 31. Rbxd3 g6 32. f5 Rd5 33. e6
fxe6 34. Nxe6 Rb5+ 35. Rb3 Re5 36. Nd8+ Kc8 37. Rc3+ Rc5 38. Rxc5+ bxc5 39. Nf7
Rg8 40. Nxh6 Rg7 41. f6 Rb7+ 42. Kc1 Rb4 43. Rf1 Nd7 44. f7 Nf8 45. h5 gxh5 46.
gxh5 a5 47. Rf5 Rb5 48. c4 Rb6 49. Rxc5+ Kd7 50. Rxa5 Rxh6 51. Ra7+ Kd8 52. Ra5
Ke7 53. Kc2 Kxf7 1/2-1/2

[Event "Madrid ch - Previa A"]
[Site "Madrid ESP"]
[Date "2007.11.16"]
[Round "6.15"]
[White "Sanchez Rodenas, Jose Antonio"]
[Black "Algaba Traspuesto, Jose Antonio"]
[Result "1/2-1/2"]
[WhiteElo "1795"]
[BlackElo "1828"]
[PlyCount "62"]
[EventDate "2007.11.01"]
[EventType "swiss"]
[EventRounds "9"]
[EventCountry "ESP"]
[Source "lmi"]
[SourceDate "2007.11.01"]

1. d4 Nf6 2. c4 c5 3. d5 b5 4. cxb5 a6 5. bxa6 g6 6. Nc3 Bxa6 7. e3 Bxf1 8.
Kxf1 Bg7 9. g3 O-O 10. Kg2 d6 11. Nf3 Nbd7 12. Re1 Qa5 13. e4 Ng4 14. h3 Nge5
15. Nxe5 Nxe5 16. Qc2 Rfb8 17. Rb1 Nc4 18. Re2 Bxc3 19. bxc3 Rxb1 20. Qxb1 Qxc3
21. Qc2 Qxc2 22. Rxc2 Ra4 23. Re2 f6 24. f4 Kf7 25. g4 e5 26. h4 exf4 27. Bxf4
Ne5 28. g5 c4 29. gxf6 Kxf6 30. Bg5+ Kg7 31. Bf4 Kf6 1/2-1/2

[Event "Madrid ch - Previa A"]
[Site "Madrid ESP"]
[Date "2007.11.16"]
[Round "6.16"]
[White "Sanchez Rodajo, Pedro Luis"]
[Black "Fernandez Martinez, Jose"]
[Result "1-0"]
[WhiteElo "1717"]
[BlackElo "1822"]
[PlyCount "43"]
[EventDate "2007.11.01"]
[EventType "swiss"]
[EventRounds "9"]
[EventCountry "ESP"]
[Source "lmi"]
[SourceDate "2007.11.01"]

1. f4 g6 2. Nf3 Bg7 3. e4 d6 4. Nc3 c5 5. Bc4 Nc6 6. Ne2 Nf6 7. d3 O-O 8. h3
Na5 9. g4 Nxc4 10. dxc4 Nxe4 11. Qd3 Nf6 12. Nc3 Bd7 13. a4 Bc6 14. Bd2 Qd7 15.
b3 Qe6+ 16. Kf2 Ne4+ 17. Kg2 Nxc3 18. Bxc3 Bxc3 19. Qxc3 Qe2+ 20. Kg3 Bxf3 21.
Qxf3 Qxc2 22. Rh2 1-0

[Event "Madrid ch - Previa A"]
[Site "Madrid ESP"]
[Date "2007.11.16"]
[Round "6.18"]
[White "Valderrama Arroyo, Victor"]
[Black "Garcia Donoso, Alberto"]
[Result "1-0"]
[WhiteElo "1891"]
[BlackElo "1723"]
[PlyCount "87"]
[EventDate "2007.11.01"]
[EventType "swiss"]
[EventRounds "9"]
[EventCountry "ESP"]
[Source "lmi"]
[SourceDate "2007.11.01"]

1. d4 d5 2. c4 c6 3. e3 Bf5 4. Nc3 e6 5. Nf3 Bd6 6. Bd3 Bxd3 7. Qxd3 Nf6 8. O-O
Bc7 9. Re1 O-O 10. e4 dxe4 11. Nxe4 Nxe4 12. Qxe4 Nd7 13. Ne5 Nf6 14. Qh4 Bb6
15. c5 Bc7 16. Bg5 Qe7 17. Re3 Rfc8 18. Rf3 Bd8 19. Bxf6 Qxf6 20. Rxf6 Bxf6 21.
Qh5 Rc7 22. Rd1 Rd8 23. Kf1 g6 24. Qf3 Bg7 25. Qg3 Re7 26. Qh4 Ree8 27. Nc4 Rd5
28. Nd6 g5 29. Qg4 Re7 30. h4 b6 31. b4 bxc5 32. dxc5 f5 33. Qh5 Rxd1+ 34. Qxd1
gxh4 35. Qh5 Bf6 36. Qh6 Bc3 37. Qxh4 Rd7 38. Qg3+ Bg7 39. Ne8 Kf8 40. Nxg7
Rxg7 41. Qd6+ Re7 42. Qxc6 h5 43. Qd6 Kf7 44. c6 1-0

[Event "Madrid ch - Previa A"]
[Site "Madrid ESP"]
[Date "2007.11.16"]
[Round "6.19"]
[White "Gonzalez Marquez, Jorge"]
[Black "Gonzalez Ayuso, Gonzalo"]
[Result "1-0"]
[WhiteElo "1928"]
[BlackElo "1821"]
[PlyCount "65"]
[EventDate "2007.11.01"]
[EventType "swiss"]
[EventRounds "9"]
[EventCountry "ESP"]
[Source "lmi"]
[SourceDate "2007.11.01"]

1. d4 Nf6 2. c4 e5 3. e3 exd4 4. exd4 d5 5. Nc3 Bb4 6. Bd3 O-O 7. Nge2 Bg4 8.
f3 Be6 9. c5 c6 10. O-O b6 11. a3 Bxc3 12. Nxc3 bxc5 13. dxc5 Nbd7 14. b4 a5
15. Bf4 Nb8 16. Bd6 Re8 17. Qc2 Bc8 18. b5 Bb7 19. Rfe1 Re6 20. Rxe6 fxe6 21.
Re1 Qd7 22. Qe2 Kf7 23. Na4 Qe8 24. Nb6 Ra7 25. Bxb8 Qxb8 26. Qxe6+ Kf8 27.
Nd7+ Nxd7 28. Qe7+ Kg8 29. Qxd7 Ra8 30. Re7 Qf8 31. Qxb7 Rb8 32. Rxg7+ Qxg7 33.
Qxb8+ 1-0

[Event "Madrid ch - Previa A"]
[Site "Madrid ESP"]
[Date "2007.11.16"]
[Round "6.21"]
[White "Martin Calero, Jorge"]
[Black "Ortiz Berruguete, Adrian"]
[Result "1-0"]
[WhiteElo "1708"]
[BlackElo "1737"]
[PlyCount "119"]
[EventDate "2007.11.01"]
[EventType "swiss"]
[EventRounds "9"]
[EventCountry "ESP"]
[Source "lmi"]
[SourceDate "2007.11.01"]

1. d4 d5 2. Nf3 Nf6 3. e3 e6 4. Bd3 c5 5. c3 Nc6 6. Nbd2 Bd6 7. O-O cxd4 8.
exd4 Bd7 9. Re1 Qc7 10. Qe2 O-O-O 11. Ne5 Be8 12. Ndf3 h6 13. c4 dxc4 14. Bxc4
Bb4 15. Bd2 Bxd2 16. Qxd2 Nd5 17. Rac1 Qb6 18. a3 Kb8 19. Bxd5 Rxd5 20. Qf4 Ka8
21. b4 Rf8 22. Rc5 Rxc5 23. dxc5 Qc7 24. Rd1 Nxe5 25. Qxe5 Qxe5 26. Nxe5 Bb5
27. Nd7 Bxd7 28. Rxd7 Kb8 29. Kf1 h5 30. Ke2 g6 31. Ke3 e5 32. Re7 f6 33. Rg7
g5 34. Ke4 Rd8 35. Rf7 Rd4+ 36. Ke3 Rf4 37. g3 Rc4 38. Kd3 Rd4+ 39. Ke3 Rc4 40.
Kd2 Rd4+ 41. Kc3 h4 42. Rxf6 hxg3 43. hxg3 g4 44. Rf5 Rd5 45. Rg5 Rd1 46. Rxe5
Ra1 47. Kb2 Rf1 48. Re2 Kc7 49. Kc3 Ra1 50. Kb2 Rf1 51. Kb3 Kc6 52. Kc4 Rc1+
53. Kd4 Ra1 54. Re4 Rxa3 55. Rxg4 Rf3 56. Rf4 Rb3 57. Ke5 Kb5 58. g4 Rxb4 59.
Rxb4+ Kxb4 60. g5 1-0

[Event "Madrid ch - Previa A"]
[Site "Madrid ESP"]
[Date "2007.11.16"]
[Round "6.22"]
[White "Arias de Reyna Martinez, Francisco"]
[Black "Argüelles Dominguez, Ruben"]
[Result "1-0"]
[WhiteElo "1665"]
[BlackElo "1662"]
[PlyCount "103"]
[EventDate "2007.11.01"]
[EventType "swiss"]
[EventRounds "9"]
[EventCountry "ESP"]
[Source "lmi"]
[SourceDate "2007.11.01"]

1. e4 d5 2. exd5 Qxd5 3. Nc3 Qd8 4. d4 Nf6 5. Nf3 Bf5 6. Bb5+ c6 7. Bd3 Bg4 8.
Be3 e6 9. a3 Nbd7 10. h3 Bh5 11. Qd2 Bxf3 12. gxf3 Be7 13. O-O-O Nd5 14. Rhg1
g6 15. Ne4 Nxe3 16. fxe3 b5 17. b4 a5 18. Nc5 Qb6 19. Qc3 Rf8 20. e4 axb4 21.
axb4 Qa7 22. Kd2 Nxc5 23. dxc5 Qa3 24. Qxa3 Rxa3 25. Ra1 Ra4 26. Rxa4 bxa4 27.
Ra1 Bg5+ 28. Ke2 Ke7 29. Rxa4 Rb8 30. Ra7+ Kf6 31. Rc7 Rxb4 32. Rxc6 Bf4 33.
Rb6 Rxb6 34. cxb6 Kg5 35. c4 Bd6 36. b7 Bf4 37. c5 Bc7 38. Bb5 Kh4 39. Be8 Kxh3
40. Bxf7 e5 41. Be6+ Kg3 42. Bg4 g5 43. Bh5 h6 44. Kd3 Kh4 45. Kc4 Kxh5 46. Kd5
Kg6 47. Kc6 Bb8 48. Kd7 h5 49. c6 h4 50. c7 Bxc7 51. Kxc7 h3 52. b8=Q 1-0

[Event "Madrid ch - Previa A"]
[Site "Madrid ESP"]
[Date "2007.11.17"]
[Round "7.1"]
[White "Sanz Esteban, Eduardo"]
[Black "Esquivias Gomez, Francisco J"]
[Result "1/2-1/2"]
[WhiteElo "1939"]
[BlackElo "2021"]
[PlyCount "76"]
[EventDate "2007.11.01"]
[EventType "swiss"]
[EventRounds "9"]
[EventCountry "ESP"]
[Source "lmi"]
[SourceDate "2007.11.01"]

1. e4 Nf6 2. e5 Nd5 3. c4 Nb6 4. d4 d6 5. exd6 cxd6 6. Nf3 Bg4 7. h3 Bh5 8. g4
Bg6 9. Nbd2 e6 10. Bg2 Be7 11. a4 a5 12. b3 O-O 13. O-O d5 14. c5 N6d7 15. Nb1
Nc6 16. Nc3 b6 17. cxb6 Qxb6 18. Ba3 Bxa3 19. Rxa3 Nb4 20. Qd2 Rac8 21. Rc1 Rc6
22. Ne1 Rfc8 23. Raa1 Nf6 24. g5 Ne4 25. Nxe4 Bxe4 26. Bxe4 dxe4 27. Rxc6 Qxc6
28. Rb1 g6 29. Ng2 Qd5 30. h4 Rc2 31. Qd1 Qf5 32. Qf1 Qf3 33. Ne1 Qg4+ 34. Qg2
Qxg2+ 35. Nxg2 Rd2 36. Rc1 Rxd4 37. Rc8+ Kg7 38. Ra8 Rd1+ 1/2-1/2

[Event "Madrid ch - Previa A"]
[Site "Madrid ESP"]
[Date "2007.11.17"]
[Round "7.2"]
[White "Perez Martinez, Jose Manuel"]
[Black "Cabañas Bravo, Juan Andres"]
[Result "1/2-1/2"]
[WhiteElo "1982"]
[BlackElo "2004"]
[PlyCount "31"]
[EventDate "2007.11.01"]
[EventType "swiss"]
[EventRounds "9"]
[EventCountry "ESP"]
[Source "lmi"]
[SourceDate "2007.11.01"]

1. e4 e5 2. Nf3 Nc6 3. Bb5 a6 4. Ba4 Nf6 5. O-O Nxe4 6. Bxc6 dxc6 7. Re1 Nc5 8.
Nxe5 Be7 9. d4 Ne6 10. c3 O-O 11. Qb3 Qd5 12. Nd2 b5 13. Ndf3 a5 14. Qxd5 cxd5
15. Nd3 Bd6 16. Ng5 1/2-1/2

[Event "Madrid ch - Previa A"]
[Site "Madrid ESP"]
[Date "2007.11.17"]
[Round "7.3"]
[White "Tejedor Ariza, Francisco"]
[Black "Osorio Ramos, Francisco"]
[Result "1/2-1/2"]
[WhiteElo "1987"]
[BlackElo "1925"]
[PlyCount "101"]
[EventDate "2007.11.01"]
[EventType "swiss"]
[EventRounds "9"]
[EventCountry "ESP"]
[Source "lmi"]
[SourceDate "2007.11.01"]

1. e4 e5 2. Nf3 d6 3. d4 Nf6 4. Bg5 Be7 5. Bxf6 Bxf6 6. dxe5 Bxe5 7. Nxe5 dxe5
8. Qxd8+ Kxd8 9. Nc3 c6 10. O-O-O+ Kc7 11. Bc4 f6 12. Rd3 Rd8 13. Rhd1 Rxd3 14.
Rxd3 Nd7 15. Rg3 g6 16. Bg8 Nf8 17. Rf3 f5 18. Rh3 h5 19. Rg3 fxe4 20. Nxe4 Bf5
21. Nf6 Nd7 22. Nxd7 Kxd7 23. Bf7 Rf8 24. Bc4 Ke7 25. Re3 Kf6 26. Bd3 Rd8 27.
h4 Rd4 28. g3 a6 29. f3 c5 30. Be4 Bxe4 31. Rxe4 Kf5 32. Re3 b5 33. c3 Rd6 34.
b3 c4 35. Kc2 Rd4 36. bxc4 bxc4 37. Re1 Rd3 38. Rf1 a5 39. a4 g5 40. hxg5 Kxg5
41. f4+ exf4 42. gxf4+ Kf5 43. Rh1 Kg4 44. Rf1 Rd5 45. Kc1 Rf5 46. Kd2 Rxf4 47.
Rg1+ Kf5 48. Ke3 Rg4 49. Rb1 Re4+ 50. Kf3 Rf4+ 51. Ke3 1/2-1/2

[Event "Madrid ch - Previa A"]
[Site "Madrid ESP"]
[Date "2007.11.17"]
[Round "7.4"]
[White "Merino Araguas, Jose Javier"]
[Black "Redondo Garcia, Jose Luis"]
[Result "1-0"]
[WhiteElo "1909"]
[BlackElo "1909"]
[PlyCount "109"]
[EventDate "2007.11.01"]
[EventType "swiss"]
[EventRounds "9"]
[EventCountry "ESP"]
[Source "lmi"]
[SourceDate "2007.11.01"]

1. d4 g6 2. c4 Bg7 3. Nc3 Nf6 4. e4 d6 5. f3 a6 6. Be3 c6 7. Qd2 b5 8. Bd3 bxc4
9. Bxc4 d5 10. exd5 Nxd5 11. Bh6 Bxh6 12. Qxh6 Nxc3 13. bxc3 Qa5 14. Ne2 Nd7
15. Qg7 Rf8 16. Qxh7 Rb8 17. Qh4 c5 18. O-O cxd4 19. Nxd4 Ne5 20. Rfe1 Qc5 21.
Bb3 g5 22. Qe4 f6 23. Kh1 Bb7 24. Ba4+ Nd7 25. Qg6+ Rf7 26. Bxd7+ Kxd7 27. Qxf7
Bd5 28. Qh7 Rb6 29. Nf5 Be6 30. Rad1+ Kc7 31. Qxe7+ Qxe7 32. Nxe7 Bxa2 33. Nd5+
Bxd5 34. Rxd5 Rb3 35. c4 Rc3 36. c5 a5 37. h3 a4 38. Re7+ Kc6 39. Rd6+ Kb5 40.
Rxf6 Rxc5 41. Rb7+ Kc4 42. Ra7 Kb4 43. Rfa6 Rc1+ 44. Kh2 Ra1 45. Rb7+ Kc5 46.
Rg7 Kb5 47. Ra8 a3 48. Rxg5+ Kb4 49. Rga5 Kb3 50. h4 Kb4 51. h5 Rc1 52. Rxa3
Rc5 53. h6 Rh5+ 54. Kg3 Rxh6 55. R3a4+ 1-0

[Event "Madrid ch - Previa A"]
[Site "Madrid ESP"]
[Date "2007.11.17"]
[Round "7.5"]
[White "Collado Barbas, Alberto"]
[Black "Ruiz Quevedo, Andres"]
[Result "1-0"]
[WhiteElo "1886"]
[BlackElo "1893"]
[PlyCount "63"]
[EventDate "2007.11.01"]
[EventType "swiss"]
[EventRounds "9"]
[EventCountry "ESP"]
[Source "lmi"]
[SourceDate "2007.11.01"]

1. d4 Nf6 2. Nf3 c5 3. c3 e6 4. Bg5 d5 5. e3 Nc6 6. Bd3 Bd6 7. Nbd2 Qc7 8. Bxf6
gxf6 9. e4 Bd7 10. exd5 exd5 11. dxc5 Bxc5 12. Nb3 Bd6 13. Qc2 O-O-O 14. O-O-O
Rhg8 15. g3 Bg4 16. Bf5+ Kb8 17. Bxg4 Rxg4 18. Kb1 Ne5 19. Nfd4 Rg6 20. Nb5 Qc4
21. Nxd6 Rxd6 22. Rd4 Qb5 23. Rb4 Qe8 24. Re1 Qd8 25. Nc5 b6 26. Nd3 Nc6 27.
Rh4 d4 28. Rhe4 Kb7 29. c4 f5 30. Re8 Qd7 31. Qb3 Rge6 32. Nc5+ 1-0

[Event "Madrid ch - Previa A"]
[Site "Madrid ESP"]
[Date "2007.11.17"]
[Round "7.6"]
[White "Navas Jimenez, Julian"]
[Black "Martin Mazuelo, Miguel Angel"]
[Result "0-1"]
[WhiteElo "1901"]
[BlackElo "1983"]
[PlyCount "89"]
[EventDate "2007.11.01"]
[EventType "swiss"]
[EventRounds "9"]
[EventCountry "ESP"]
[Source "lmi"]
[SourceDate "2007.11.01"]

1. Nf3 Nf6 2. c4 e6 3. Nc3 d5 4. d4 c6 5. Bg5 dxc4 6. e4 b5 7. e5 h6 8. Bh4 g5
9. Nxg5 hxg5 10. Bxg5 Nbd7 11. g3 Bb7 12. Bg2 Qb6 13. exf6 O-O-O 14. O-O c5 15.
d5 Ne5 16. Qe2 Nd3 17. dxe6 Bxg2 18. Kxg2 fxe6 19. Qe4 Kb8 20. a4 b4 21. Rab1
Rd4 22. Qf3 Ne5 23. Bf4 Bd6 24. Bxe5 Bxe5 25. Rfd1 Rxd1 26. Nxd1 Qb7 27. Qxb7+
Kxb7 28. f7 Rf8 29. Ne3 c3 30. Nc4 Bd4 31. bxc3 Bxc3 32. Rd1 Bd4 33. Re1 Kc6
34. Rxe6+ Kd5 35. Re8 Rxf7 36. Ne3+ Bxe3 37. Rxe3 c4 38. f4 b3 39. Kf2 b2 40.
Re1 c3 41. Re5+ Kd4 42. Rb5 c2 43. Rb4+ Kc3 44. Rb8 b1=Q 45. Rc8+ 0-1